[Event "EU-chT (Men) 17th"]
[Site "Novi Sad"]
[Date "2009.10.27"]
[Round "6"]
[White "Gustafsson, Jan"]
[Black "Postny, Evgeny"]
[Result "0-1"]
[WhiteElo "2622"]
[BlackElo "2651"]
[Annotator "Postny,E"]
[PlyCount "128"]
[EventDate "2009.10.22"]
[EventType "team-swiss"]
[EventRounds "9"]
[EventCountry "YUG"]
[SourceTitle "CBM 133"]
[Source "ChessBase"]
[SourceDate "2009.11.19"]
[SourceVersion "1"]
[SourceVersionDate "2009.11.19"]
[SourceQuality "1"]
[WhiteTeam "Germany"]
[BlackTeam "Israel"]
[WhiteTeamCountry "GER"]
[BlackTeamCountry "ISR"]

1. d4 Nf6 2. c4 e6 3. Nf3 b6 4. g3 Ba6 5. Qa4 Bb7 6. Bg2 c5 7. dxc5 bxc5 (7...
Bxc5 8. O-O O-O 9. Nc3 Be7 {is the main alternative. The move in the text is
slightly more ambitious.}) 8. O-O Be7 9. Nc3 O-O 10. Rd1 Qb6 11. Bf4 Rd8 {
I don't have a lot of experience in this line. I've noticed this year Bacrot
neutralising several top players with Black, so I wanted to try this line as
well.} 12. Rd2 (12. Rab1 h6 13. a3 {[%cal Gb2b4]} a5 14. Qb5 Qxb5 15. cxb5 d5
16. Ne5 g5 17. Be3 Nbd7 18. Nc6 Bxc6 19. bxc6 Ne5 20. Na4 Nxc6 21. Bxc5 Bxc5
22. Nxc5 Rab8 $11 {1/2-1/2 Kramnik,V (2759)-Bacrot,E (2721)/Dortmund GER 2009/
The Week in Chess 765 (30)}) 12... d6 13. Rad1 a6 $6 ({In my preparation for
the game I, obviously, noticed the following game, but still decided to play
13...a6. Now I think it's just a waste of tempi.} 13... Ne8 14. e4 Bc6 15. Qc2
Qb7 16. Qb3 Qxb3 17. axb3 f6 $1 18. Ne1 Nd7 $11 {0-1 Gustafsson,J (2603)-Leko,
P (2741)/Dortmund 2008/CBM 125 (45)}) 14. Ng5 $1 {The knight is heading to e4
where it will exert pressure on Black's main weakness Pd6.} (14. g4 $5 Nxg4 15.
Bxd6 Rxd6 16. Qe8+ Bf8 17. Ng5 Ne5 18. Bxb7 Rxd2 19. Rxd2 Qxb7 20. Rd8 Ng6 21.
Na4 Qe7 22. Qxe7 Nxe7 23. Nxh7 Kxh7 24. Rxf8 Nec6 (24... a5 $1 25. Nb6 Ra6 26.
Rxb8 Nc6 27. Rb7 Nd8 $11) 25. Rxf7 Kg8 26. Rc7 $14 {1/2-1/2 Gelfand,B (2733)
-Bacrot,E (2728)/Nalchik RUS 2009/The Week in Chess 754 (51)}) 14... Bxg2 15.
Kxg2 Ne8 $6 {This is too passive. Bacrot's choice would have been still better.
} (15... h6 $2 16. Nge4 Ne8 17. Nxd6 $1 {Amazingly, I found three games in
Mega Database, and in all of them White played 17.g4.} Nxd6 18. Bxd6 Bxd6 19.
Ne4 Be7 20. Rxd8+ Bxd8 21. Qe8+ $18) (15... e5 16. Be3 Qb7+ 17. Kg1 $6 (17. f3
$1 {looks like an improvement.} Nc6 (17... Ng4 $2 18. Bxc5 $1 Nd7 (18... Bxg5
19. Rxd6 Rf8 20. R6d3 $18) 19. Bg1 Bxg5 20. Rxd6 Ngf6 21. c5 $18) 18. Nge4 Nxe4
19. Nxe4 Nd4 20. Nc3 $14) 17... h6 18. Nf3 Nc6 19. Nd5 Nxd5 20. Rxd5 Nb4 21.
R5d2 Nc6 22. Rd5 Nb4 23. R5d2 Nc6 {1/2-1/2 Leko,P (2751)-Bacrot,E (2728)/
Nalchik RUS 2009/The Week in Chess 755}) 16. Nge4 Kf8 $1 {Covering the
e8-square so as not to get mated.} 17. g4 $1 {A good move, setting free both
the g3-square for the minor pieces, and the 3rd rank for a possible transfer
of major pieces to the kingside. White is clearly better.} (17. a3 $6 {[%cal
Gb2b4]} Nc6 $1 18. Nxd6 (18. Bxd6 $2 Nxd6 19. Nxd6 Nd4 20. Nde4 f5 $15 {
[%csl Re4]}) 18... g5 $1 {The point.} 19. Nxe8 gxf4 20. Rxd8 Rxd8 21. Rxd8 Bxd8
22. Nd6 Be7 23. Nde4 f5 24. Nd2 Qxb2 25. Qxc6 Qxd2 $11) 17... Ra7 18. a3 {
[%cal Gb2b4]} Rb7 {I have to prevent b2-b4, otherwise my position would simply
collapse.} 19. Kg1 {Probably White should have played g4-g5 here, or on the
next move. Black, for his part, could play ...h7-h6, but it's not easy to
decide.} Qc7 20. Qc2 Qc6 21. Qd3 h6 22. Qg3 $6 (22. h4 $1 {would have been
more consistent} Bxh4 $140 23. Qh3 Be7 24. g5 Bxg5 25. Bxg5 $1 hxg5 26. Nxg5
Nd7 27. e4 $1 (27. Qh8+ Ke7 28. Qg8 Ne5 29. f4 Nf6 30. Qxd8+ Kxd8 31. fxe5 Nd7
32. Nxf7+ Ke7 33. Rxd6 Qc8 34. Ng5 Nxe5 35. Rxe6+ Qxe6 36. Nxe6 Kxe6 37. Na4
$14) 27... Ne5 28. f4 Nxc4 29. Qh8+ Ke7 30. Qg8 $16) 22... Rbd7 {Now White
does not have enough time for a kingside offensive; he has to watch out for ...
d6-d5 punch.} 23. Rd3 (23. g5 hxg5 24. Nxg5 Bxg5 25. Bxg5 f6 26. Be3 Qb7 $1 $11
{[%cal Gb8c6]}) 23... g5 $2 {My first really active move in this game appears
to be a huge mistake. I had a feeling that this was risky: my idea was to
drive away the white bishop from f4 in order to execute the ...d6-d5 thrust.
In fact, it was possible to play it right now.} (23... d5 $1 24. cxd5 exd5 25.
Nxc5 (25. Bxb8 dxe4 26. Rxd7 Rxd7 27. Rxd7 Qxd7 $11 28. Nxe4 $2 Qd1+ 29. Kg2
Qxe2 $17) 25... Bxc5 26. Bxb8 d4 27. Nb1 Re7 $44) 24. Qh3 $1 (24. Bc1 $2 d5 {
and White's pieces are getting kicked away.}) 24... Kg7 25. Bc1 $2 {Poor
calculation from both players.} (25. Bxg5 $3 {This crushing sacrifice could
just finish the game in style.} Bxg5 (25... hxg5 26. Qh5 $18 {[%cal Gd3h3]})
26. Nxg5 hxg5 27. Qh5 f6 28. Rh3 d5 29. cxd5 exd5 30. Qh8+ Kf7 31. Rh7+ Kg6 32.
Qg8+ Ng7 33. Rxg7+ Rxg7 34. Qxd8 $18) 25... Nf6 (25... d5 $6 26. cxd5 exd5 27.
Ng3 {[%csl Gf5][%cal Gg3f5] and the knight gets to the f5-outpost.}) 26. Qf3
Nxe4 27. Nxe4 d5 28. cxd5 Rxd5 29. b3 (29. b4 Rxd3 30. Rxd3 Rxd3 31. Qxd3 cxb4
32. Bb2+ f6 33. axb4 Qb5 $11) 29... Rxd3 30. Rxd3 Rxd3 31. Qxd3 Qd5 32. Bb2+ f6
33. Qc2 Nd7 {I was concerned about the manoeuvre Ne4-g3-h5, but, in fact it's
not so dangerous.} (33... Nc6 34. Ng3 Nd4 35. Nh5+ Kf8 36. Bxd4 Qxd4 37. h3
Qa1+ 38. Kg2 Qxa3 39. Qg6 Qxb3 {and White must give a perpetual check.}) 34.
Ng3 Nf8 35. Qc4 $2 {A terrible move, mainly from the psychological point of
view. This gave me a clear indication that Jan would accept the draw. Almost
any other move would keep a marginal edge for White.} Qxc4 36. bxc4 Kg6 37. Nf1
{Here my opponent offered a draw. The endgame is objectively equal, but Black
is the only side that can try to squeeze something out of the position thanks
to his more active king. The score in the match for the moment was 1.5-1.5,
our game was the last one.} f5 38. f3 Bf6 39. Bxf6 Kxf6 40. Kf2 Nd7 41. gxf5 $6
{I did not even consider playing this move. It just gives Black an opportunity
to create a passed pawn on the kingside. Still, the position remains
objectively drawish, but now White has to play it very accurately.} (41. Nd2
Ke5 42. Ke3 Nf6 43. h3 h5 44. gxh5 Nxh5 45. Nb3 Kd6 46. Na5 Nf4 47. h4 Ng2+ 48.
Kf2 Nxh4 49. Nb7+ Kc6 50. Nd8+ Kd7 51. Nb7 $11) 41... exf5 42. Nd2 Nb6 43. Ke3
Ke5 44. Kd3 h5 45. e3 g4 46. f4+ Ke6 47. e4 h4 48. Ke3 a5 $1 {After a long
thought I found the best chance for a win - to push the pawn up to a4.} 49. e5
a4 50. Kf2 Kd7 51. h3 Ke6 52. Kg2 Nd7 53. Nf1 $2 {This loses. The only way was
to go for Pa4.} (53. Nb1 $1 Nxe5 (53... Nf8 54. Nc3 Ng6 55. Nd5 Nxf4+ 56. Nxf4+
Kxe5 57. Nd3+ Kd4 58. Nb2 Kc3 59. Nxa4+ Kxc4 60. hxg4 fxg4 {would lead to the
same position as after 53...Nxe5.}) 54. fxe5 Kxe5 55. hxg4 fxg4 56. Nc3 Kd4 57.
Nxa4 Kxc4 58. Nb6+ Kd4 (58... Kb5 59. Nd5 Ka4 60. Ne3 $11) 59. a4 c4 60. a5 c3
61. a6 c2 62. a7 c1=Q 63. a8=Q {and Black has no more than a perpetual check.})
{[%tqu "En","Can Black win this endgame?","","","d7e5","",10]} 53... Nxe5 $1
54. fxe5 Kxe5 $19 55. Ne3 (55. hxg4 fxg4 56. Ne3 Kd4 57. Nxg4 Kxc4 $19) 55...
gxh3+ 56. Kxh3 Kd4 57. Nxf5+ Kxc4 58. Nd6+ Kb3 59. Nb7 c4 60. Na5+ Kc3 61. Kxh4
Kd3 62. Nc6 c3 63. Kg3 c2 64. Nb4+ Kd2 {[%mdl 4096]} (64... Kd2 65. Na2 c1=Q
66. Nxc1 Kxc1 67. Kf2 Kb2 68. Ke2 Kxa3 69. Kd2 Kb2 $19 {Just in time!}) 0-1

[Event "Grand Slam Final 1st"]
[Site "Bilbao"]
[Date "2008.09.05"]
[Round "4"]
[White "Topalov, Veselin"]
[Black "Anand, Viswanathan"]
[Result "1-0"]
[WhiteElo "2777"]
[BlackElo "2798"]
[Annotator "Postny,E"]
[PlyCount "49"]
[EventDate "2008.09.02"]
[EventType "tourn"]
[EventRounds "10"]
[EventCountry "ESP"]
[EventCategory "21"]
[SourceTitle "CBM 126"]
[Source "ChessBase"]
[SourceDate "2008.10.01"]
[SourceVersion "1"]
[SourceVersionDate "2008.10.01"]
[SourceQuality "1"]

1. d4 Nf6 2. c4 e6 3. Nf3 b6 4. g3 Ba6 5. Qc2 Bb7 6. Bg2 c5 7. d5 {This pawn
sacrifice appears regularly in top level tournaments. At first sight it does
not look very promising. However, practice shows time after time that Black
can experience difficulties as he is behind in development.} exd5 8. cxd5 Nxd5
9. O-O Be7 10. Rd1 Qc8 {Defending the Bb7. Anand had already played this
position just a few weeks beforehand.} 11. a3 {Covering the b4-square against
a possible knight move. This quiet move is White's last word in this
fashionable variation.} (11. e4 Nc7 12. Nc3 O-O 13. e5 Ne6 14. Nd5 Bxd5 15.
Rxd5 Nc6 $11 {1/2-1/2 Carlsen,M (2775)-Anand,V (2798)/Mainz GER 2008/The Week
in Chess 717 (33)}) ({Also seen in practice is:} 11. Bg5) (11. Nh4 Bxh4 12.
Rxd5 {but, didn't yield White any advantage.}) 11... Nf6 12. Bg5 $1 $146 {
[%mdl 8] Another fine novelty from the "Topalov team kitchen". White is
intending to exchange on f6 before Black's queenside kinight is developed to
d7.} (12. Nc3 d5 13. Bg5 Nbd7 14. e4 d4 15. e5 Nxe5 $1 ({After} 15... dxc3 $2
16. exf6 Nxf6 17. Re1 {Black's king will be stuck in the centre.}) 16. Nxe5
Bxg2 17. Qa4+ Nd7 18. Bxe7 Kxe7 19. Re1 Nxe5 20. Rxe5+ Kf8 21. Kxg2 dxc3 22.
bxc3 g6 23. Rae1 Kg7 {1/2-1/2 Kramnik,V (2788)-Leko,P (2741)/Moscow RUS 2008/
The Week in Chess 720 (28). ... and White's compensation was sufficient only
for equality.}) 12... d5 $6 {Taking into account what happened in the game
later, it is easy say that this move is the source for Black's troubles.} (
12... O-O 13. Nc3 h6 14. Bf4 (14. Bxf6 $6 Bxf6 15. Nb5 Nc6 16. Nd6 Qc7 {
is not dangerous for Black.}) 14... Nc6 {might be an improvement for Black.
Without any doubt, the theoretical discussion in this line will continue.}) 13.
Bxf6 $1 Bxf6 14. Nc3 Bxc3 (14... d4 $2 15. Ne4 Be7 16. Nxd4 $1 cxd4 17. Qxc8+
Bxc8 18. Nd2 $18 {[%csl Ra8]}) (14... Qe6 $2 15. Nxd5 $1 Bxd5 16. Ng5 Bb3 17.
Nxe6 Bxc2 18. Rd2 {and White wins material.}) 15. bxc3 Na6 $1 (15... O-O 16.
Ng5 g6 17. Bxd5 Bxd5 18. Rxd5 {with a long-lasting initiative.}) 16. Nh4 g6 (
16... Qe6 $6 17. Nf5 O-O-O (17... O-O 18. c4 $16) 18. Nxg7 Qf6 19. Nf5 Nc7 20.
a4 $16 {[%cal Ga4a5]}) 17. Bxd5 Bxd5 18. Rxd5 {White has got back the pawn and
has a long-lasting initiative thanks to the activity of this pieces. Another
factor is that Black's king is less protected compared to his counterpart.
Still, Black's position is defendable.} O-O 19. Rad1 Nc7 {Transferring the
knight to e6.} 20. Rd7 Ne6 21. Qe4 (21. Qa4 c4 22. Rxa7 Nc5 23. Rxa8 Nxa4 24.
Rxc8 Rxc8 25. Rc1 Ra8 $44) 21... Qe8 $2 {This move is already a critical
mistake. Instead of this, Black had two playable options.} (21... c4 22. Qf3
Qc5 23. Ng2 Rae8 (23... Qxa3 24. Rxf7 Rxf7 25. Qxa8+ Nf8 26. Ne3 Qxc3 27. Qd5 {
Black's queenside pawns would definitely decide the game in the event of an
exchange of queens. Meanwhile, White is in possession of an initiative.}) 24.
Ne3 (24. Rxa7 $4 Ng5 {[%csl Rf2][%cal Gg5h3,Gg5f3]} 25. Qg4 (25. Qf6 Re6 $19)
25... h5 $19) 24... Ng5 25. Qd5 Qxd5 26. R1xd5 Ne4 27. Rd4 Nxc3 28. Rxc4 Rc8 {
and Black should hold the endgame.} (28... Nxe2+ $4 29. Kf1 $18 {[%csl Re2]}))
(21... Nd4 22. Qe7 Nc6 23. Qf6 Nd4 24. Re7 Qc6 (24... Nc6 25. Nxg6 $1 hxg6 26.
Re4 {[%cal Ge4h4,Gh4h8]} Qf5 $8 27. Qxc6 $16) 25. Qg5 Ne6 26. Qe5 Rad8 {
and Black is only slightly worse.}) 22. Nf3 c4 (22... Nd4 23. Ne5 Nc6 24. f4
Nxe5 25. fxe5 Qe6 26. R1d6 Qh3 27. Rc7 {[%cal Gd6d7]} Rae8 28. Rxa7 {Black is
pawn down in a worse position. Nevertheless, this was the least of the evils
for him.}) 23. Qh4 $1 {This move is even stronger than the capture of Pc4.
White's attack is very strong.} (23. Qxc4 Nc5 $16) 23... Nc5 (23... Rd8 24. Ne5
{[%cal Ge5g4,Gg4f6]} h5 25. Qf6 Rxd7 26. Rxd7 {with total domination. One of
the threats is 27.Re7 followed by 28.Nxg6+-.}) 24. Re7 Rd8 (24... Qa4 25. Rd6
$1 Qc2 (25... Qxa3 26. Ng5 h5 27. Rxg6+ $1 fxg6 28. Qxc4+ Kh8 29. Rh7#) 26. Ng5
h5 27. Rf6 $18 {[%csl Rf7]}) 25. Rf1 $1 {A crushing defeat for Vishy Anand.} ({
Black resigned in view of the following variation:} 25. Rf1 Qc6 26. Ng5 h5 27.
Nxf7 $1 Rxf7 28. Rxf7 Kxf7 29. Qxd8 $18) 1-0